000 00988nam a2200265 a 4500
001 BRCA_5984
005 20190320205304.0
008 290311s1924----fr-a######---#000-0#fre-#
041 _afre
044 _afr
050 4 _aND35
_b.B46 1924
100 1 _aBénézit, Emmanuel
_d1854-1920
_96228
245 1 0 _aDictionnaire critique et documentaire des peintres, sculpteurs, dessinateurs et graveurs de tous les temps et de tous les pays
_cpar un groupe d´écrivains spécialistes français et étrangers sous la direction de E. Benezit.
260 _aParís
_bE. Grund
_c1924
300 _a3 v.
_bil.
_c25 cm.
500 _aDiccionario inventariado por Banco de México como libro
500 _aG97
501 _aContenido: v.1. A-C. -- v.2. D-K. -- v.3. L-Z
650 1 4 _aPintores
_vDiccionarios
_915116
650 1 4 _aEscultores
_vDiccionarios
_915117
650 1 4 _aGrabadores
_vDiccionarios
_915118
650 1 4 _aEnciclopedias y diccionarios
_99441
902 _aGFM
942 _2lcc
_cB
999 _c5673
_d5673